000 00517nam a22001937a 4500
003 URS
005 20250828100454.0
008 250331b ||||| |||| 00| 0 eng d
040 _cURS
050 _aLB1731
_b.U54 1986
245 _aSchool-based in-service training
_bA Handbook
264 _c©1986
300 _a49 pages.,:
336 _2rdacontent
_atext
337 _2rdamedia
_aunmediated
338 _2rdacarrier
_avolume
650 0 _aTeachers
_xIn service training -- Asia Pacific
_911899
942 _2lcc
_cCR
999 _c84722
_d84720